000 00286nam a22001217a 4500
008 170629b xxu||||| |||| 00| 0 eng d
041 _aeng
080 _a82
100 _a22
101 _aGJL
245 _aTHE MASTERPIECES AND THE HISTORY OF LITERATURE
_cHAWTHORNE,J
942 _2udc
_cBK
999 _c19668
_d19668